00580 a2200181 45000010006000000050017000060080041000230030015000640400040000790800031001192450116001500200022002662640033002883000019003210410008003401000025003487000025003736211020260407155914.0260407a1983 arg spa dAR-UNSa-BCEJYS aAR-UNSa-BCEJYSbspacAR-UNSa-BCEJYS a349.2xDerecho del Trabajo10aPersonal de la industria de la construcciónpLey 22.250 y su reglamentación comentada, anotada y concordada a978-950-508-065-6 1aBuenos Aires :bAstreac1983 a479 p.c23 cm. aspa1 aMarigo, Susana Marta1 aRainolter, Milton A.